000 00636nam a22001937a 4500
003 OSt
005 20210301060926.0
008 210226s1987 ||||| |||| 00| 0 eng d
040 _aeng
_beng
_cDLC
_deng
041 _aeng
080 _a616.8
_bH-43
100 _91174
_aHead, Henry
245 _aThis Special Edition of APHASIA and Kindred Disorders of Speech / Volume 1
_b/ by: The Classics of Neurology and Neurosurgery Library
260 _aBirmingham, Alabama
_bThe Classics of Neurology and Neurosurgery Library
_c1987
300 _a549 p.
650 0 _9100
_aNeurology
653 _aნევროლოგია
942 _2udc
_cBK
999 _c1797
_d1797